000 01945cam a2200529 a 4500
001 sjds1105313
003 sjds
005 20171016142520.0
008 951227s1996 nyua j 000 1 eng
010 _a 95053764
020 _a0812065808
035 _a163558
035 _a(OCoLC)34076180
035 _a163558
040 _aDLC
_cDLC
_dOCL
_dIFA
_dUtOrBLW
041 0 _aeng
_aspa
049 _aIFAA
099 _aESPANOL PICTURE BOOKS RISK
999 _c18938
_d18938
999 _bESPANOL PICTURE BOOKS RISK
100 1 _aRisk, Mary,
_eauthor.
245 1 0 _aI want my banana! =
_bQuiero mi platano! /
_cMary Risk ; pictures by Alex de Wolf ; Spanish story by Rosa Martin.
246 1 1 _aQuiero mi platano!
250 _aFirst edition for the U.S. and Canada.
260 _aHauppauge, N.Y. :
_bBarron's,
_c1996.
264 1 _aHauppauge, N.Y. :
_bBarron's,
_c1996.
300 _a26 unnumbered pages :
_bcolor illustrations ;
_c23 cm.
336 _atext
_btxt
_2rdacontent
337 _aunmediated
_bn
_2rdamedia
338 _avolume
_bnc
_2rdacarrier
490 1 _aLanguage learning story books. I can read Spanish
520 _aDespite being offered tempting fruits by his jungle friends, Monkey wants only to find his lost banana.
521 _a"For ages 3 +" -- Cover P. [4].
521 8 _a90
_bLexile
526 0 _aAccelerated Reader
_bLG
_c1.0
_d0.5
_z49438
650 0 _aMonkeys
_vJuvenile fiction.
650 0 _aJungle animals
_vJuvenile fiction.
650 0 _aBananas
_vJuvenile fiction.
650 0 _aSpanish language materials
_xBilingual
_vJuvenile literature.
650 7 _aMonos
_vNovela juvenil.
_2bidex
650 7 _aAnimales de jungla
_vNovela juvenil.
_2bidex
650 7 _aPlátanos
_vNovela juvenil.
_2bidex
650 7 _aMateriales bilingües en español
_vLiteratura juvenil.
_2bidex
700 1 _aWolf, Alex de.
700 1 _aMartín, Rosa.
830 0 _aLanguage learning story books.
_pI can read Spanish.
942 _cBK